000 02151nam a22004457a 4500
003 CHAP
005 20220329134709.0
008 971013s1968 r 00010 d
010 _a24356
011 _a25328
035 _a29428
040 _cCHAP
082 _a636.0842
_bC65
110 _aComisión Técnico Consultiva para la Determinación Regional de los Coeficientes de Agostadero. México
_925837
245 _aCoeficientes de agostadero de la República Mexicana
260 _aMéxico. D.F. :
_bLa Comisión,
_c1968
300 _av.
_b: mapas
500 _aLa Biblioteca tiene: Coahuila.-- Chiapas.-- Oaxaca.--Durango.-- Sonora.-- Tabasco Pte. de Chiapas y Campeche.-- Península de Yucatán.-- Veracruz Pte. de Oaxaca Puebla, Hidalgo, San Luis Potosí y Tamaulipas.-- Chihuahua
590 _aBATCH-UPD
_b10
_c20130110
_lUCH01
_h1041
590 _aBATCH-UPD
_b10
_c20130410
_lUCH01
_h0641
590 _aBATCH-UPD
_b10
_c20130914
_lUCH01
_h0729
590 _aCONVERSION
_b10
_c20130109
_lUCH01
_h1314
650 1 4 _aBotánica
_zMéxico.
_914641
650 1 4 _aFitogeografía.
_941157
650 1 4 _aFlora desértica.
_941326
650 1 4 _aPastizales
_xMéxico.
_985950
901 _aBK
942 _cLIBRO
949 _a636.0842 C65
_bBC
_cLIBRO
_d-142719
_eLIBRO
_fSon. v.2
_h44386
_i29428
_si
949 _a636.0842 C65
_bBC
_cLIBRO
_d-142724
_eLIBRO
_fB.C.
_h44387
_i29428
_si
949 _a636.0842 C65
_bBC
_cLIBRO
_d-142725
_eLIBRO
_fTamp.
_h44388
_i29428
_si
949 _a636.0842 C65
_bBC
_cLIBRO
_d33724000271003
_eLIBRO
_fCoah.
_h43145
_i29428
_si
949 _a636.0842 C65
_bBC
_cLIBRO
_d33724000271011
_eLIBRO
_fChih.
_h54564
_i29428
_si
949 _a636.0842 C65
_bBC
_cLIBRO
_d33724000273397
_eLIBRO
_fVer.
_h43151
_i29428
_si
949 _a636.0842 C65
_bBC
_cLIBRO
_d33724000273405
_eLIBRO
_fYuc.
_h43150
_i29428
_si
949 _a636.0842 C65
_bBC
_cLIBRO
_d33724000273413
_eLIBRO
_fTab.
_h43149
_i29428
_si
949 _a636.0842 C65
_bBC
_cLIBRO
_d33724000273421
_eLIBRO
_fSon. v.1
_h43148
_i29428
_si
949 _a636.0842 C65
_bBC
_cLIBRO
_d33724000273439
_eLIBRO
_fChis y Oax.
_h43146
_i29428
_si
949 _a636.0842 C65
_bBC
_cLIBRO
_d33724000273447
_eLIBRO
_fDgo.
_h43147
_i29428
_si
999 _c24356
_d24356